000 00745nam a2200205 a 4500
001 000041987
005 20201002035852.0
008 130725s1992 sp a 001 0 spa d
020 _a8400072324
040 _aDO-SdBNP
_bspa
_cBNPHU
100 1 _aBassols de Climent, Mariano
_968490
245 1 0 _aSintaxis latina /
_cMariano Bassols de Climent.
260 _aMadrid :
_bConsejo Superior de Investigaciones Científicas.,
_c1992.
300 _a557 p. :
_bil. ;
_c22 cm.
490 1 _aTextos universitarios
_v7
500 _aIncluye índice
504 _aIncluye referencias bibliográficas y notas al pie de las páginas
710 2 _aConsejo Superior de Investigaciones Científicas(España)
_967719
830 0 _aTextos universitarios
_v7
_91147
999 _c41476
_d41476